| 000 | 02203nam0a2200361 4500 | ||
|---|---|---|---|
| 001 | RU\NLR\bibl\792221 | ||
| 005 | 20260408200041.0 | ||
| 010 |
_a5-858559-238-4 _9500 |
||
| 021 |
_aRU _b2005-1133 _958 |
||
| 035 | _a(NLR Aleph) 000781454 | ||
| 090 |
_a1064643 _c1064643 |
||
| 100 | _a20050425d2004 |||y0rusy50 ca | ||
| 101 | 0 | _arus | |
| 102 | _aRU | ||
| 105 | _aa ||||||||| | ||
| 200 | 1 |
_aВокруг тебя - мир отношений... _eучебно-методический комплект по воспитанию у младшего школьника уважительного отношению к миру _e(на основе произведений В.А. Сухомлинского) _e2 класс _fВ.Г. Рындак, О.С. Тимофеева _gМ-во образования и науки Рос. Федерации, Федер. агентство по образованию, Гос. образоват. учреждение высш. проф. образования "Оренб. гос. пед. ун-т" |
|
| 210 |
_aОренбург _cИзд-во ОГПУ _d2004 |
||
| 215 |
_a55 с. _cил. _d21 |
||
| 225 | 1 | _aСерия "Мир отношений" | |
| 320 | _aБиблиогр.: с. 48-49 (22 назв.) и в тексте | ||
| 600 | 1 |
_aСухомлинский _bВ.А. _gВасилий Александрович _f1918 - 1970 _xПедагогическое наследие _xИзучение в школе _3RU\NLR\auth\661418195 _92376575 |
|
| 606 | 1 |
_aШкольники _jМетодические пособия _xВоспитание уважительного отношения к миру _92376572 _3RU\NLR\auth\661418194 |
|
| 686 | _aЧ33(2)7-8Сухомлинский | ||
| 686 | _aЧ421.352 | ||
| 700 | 1 |
_4070 _8rus _7ca _aРындак _bВ.Г. _cд-р пед. наук _gВалентина Григорьевна _3RU\NLR\auth\7725563 _98610 |
|
| 701 | 1 |
_4070 _8rus _7ca _aТимофеева _bО.С. _cметодист _gОльга Станиславовна _3RU\NLR\auth\7725565 _98612 |
|
| 801 | 0 |
_aRU _bNLR _c20050425 _gPSBO |
|
| 801 | 1 |
_aRU _bNLR _c20050425 |
|
| 830 | _aАвт. по кн | ||
| 942 | _cBOOK | ||
| 980 | _aNB | ||
| 980 | _aNBR | ||